000 00304nam a22001337a 4500
008 171010b xxu||||| |||| 00| 0 eng d
020 _a002910470-X
041 _aeng
080 _a316
100 _a50
101 _aSOC
245 _aWOMEN AND THE AMERICAN LABOR MOVEMENT
_cFONER,P.S
942 _2udc
_cBK
999 _c32753
_d32753